[Event "Grand Swiss "]
[Date "2025.09.05"]
[White "Olisa, Tennyson Ewomazino"]
[Black "Hovhannisyan, Robert"]
[WhiteElo "2287"]
[BlackElo "2629"]
[Round "2.2.58"]
[Result "0-1"]

1. c4 {[%clk 01:40:55] [%emt 00:00:03]} e5 {[%clk 01:40:52] [%emt 00:00:08]} 2.
Nc3 {[%clk 01:41:21] [%emt 00:00:05]} Bb4 {[%clk 01:41:14] [%emt 00:00:07]} 3.
Nd5 {[%clk 01:41:22] [%emt 00:00:29]} a5 {[%clk 01:41:09] [%emt 00:00:35]} 4.
Nxb4 {[%clk 01:37:55] [%emt 00:03:57]} axb4 {[%clk 01:41:23] [%emt 00:00:16]} 5.
Nf3 {[%clk 01:38:06] [%emt 00:00:19]} d6 {[%clk 01:40:02] [%emt 00:01:50]} 6. d4
{[%clk 01:35:21] [%emt 00:03:16]} e4 {[%clk 01:37:45] [%emt 00:02:46]} 7. Ng5
{[%clk 01:35:20] [%emt 00:00:31]} Nf6 {[%clk 01:34:26] [%emt 00:03:49]} 8. g3
{[%clk 01:34:03] [%emt 00:01:47]} Bf5 {[%clk 01:29:31] [%emt 00:05:24]} 9. Bg2
{[%clk 01:28:41] [%emt 00:05:53]} O-O {[%clk 01:25:45] [%emt 00:04:16]} 10. O-O
{[%clk 01:21:44] [%emt 00:07:26]} h6 {[%clk 01:22:21] [%emt 00:03:55]} 11. Nh3
{[%clk 01:22:07] [%emt 00:00:07]} Re8 {[%clk 01:22:00] [%emt 00:00:51]} 12. Nf4
{[%clk 01:06:14] [%emt 00:16:23]} c6 {[%clk 01:14:57] [%emt 00:07:33]} 13. f3
{[%clk 01:03:21] [%emt 00:03:23]} Na6 {[%clk 01:10:47] [%emt 00:04:40]} 14. g4
{[%clk 00:55:37] [%emt 00:08:14]} Bh7 {[%clk 01:09:37] [%emt 00:01:41]} 15. b3
{[%clk 00:37:40] [%emt 00:18:27]} d5 {[%clk 01:05:57] [%emt 00:04:10]} 16. h4
{[%clk 00:35:20] [%emt 00:02:50]} Nc7 {[%clk 01:05:29] [%emt 00:00:58]} 17. g5
{[%clk 00:33:56] [%emt 00:01:55]} exf3 {[%clk 01:02:28] [%emt 00:03:31]} 18.
exf3 {[%clk 00:33:46] [%emt 00:00:39]} Nd7 {[%clk 01:02:37] [%emt 00:00:22]} 19.
cxd5 {[%clk 00:26:51] [%emt 00:07:26]} Nxd5 {[%clk 01:01:16] [%emt 00:01:50]}
20. Nxd5 {[%clk 00:26:58] [%emt 00:00:23]} cxd5 {[%clk 01:01:42] [%emt
00:00:05]} 21. f4 {[%clk 00:25:47] [%emt 00:01:41]} Be4 {[%clk 00:58:19] [%emt
00:03:52]} 22. f5 {[%clk 00:18:07] [%emt 00:08:10]} Ra6 {[%clk 00:55:21] [%emt
00:03:28]} 23. Bh3 {[%clk 00:17:43] [%emt 00:00:54]} Qc7 {[%clk 00:50:11] [%emt
00:05:40]} 24. Bf4 {[%clk 00:17:33] [%emt 00:00:40]} Qc3 {[%clk 00:50:22] [%emt
00:00:19]} 25. Kh2 {[%clk 00:16:08] [%emt 00:01:55]} Bd3 {[%clk 00:46:02] [%emt
00:04:50]} 26. Rf3 {[%clk 00:12:56] [%emt 00:03:41]} Qxd4 {[%clk 00:39:26] [%emt
00:07:06]} 27. Kg3 {[%clk 00:06:55] [%emt 00:06:31]} Nc5 {[%clk 00:36:50] [%emt
00:03:06]} 28. Rc1 {[%clk 00:02:10] [%emt 00:05:15]} Rxa2 {[%clk 00:34:17] [%emt
00:03:03]} 29. Bg4 {[%clk 00:00:42] [%emt 00:01:58]} Ne4+ {[%clk 00:32:58] [%emt
00:01:49]} 30. Kh3 {[%clk 00:01:11] [%emt 00:00:01]} Nf2+ {[%clk 00:32:44] [%emt
00:00:44]} 31. Rxf2 {[%clk 00:01:38] [%emt 00:00:03]} Qxf2 {[%clk 00:32:59]
[%emt 00:00:14]} 32. Qf3 {[%clk 00:01:45] [%emt 00:00:24]} Re3 {[%clk 00:32:04]
[%emt 00:01:25]} 0-1

[Site "Europe Echecs"]

[Event "Grand Swiss "]
[Date "2025.09.06"]
[White "Firouzja, Alireza"]
[Black "Maghsoodloo, Parham"]
[WhiteElo "2754"]
[BlackElo "2692"]
[Round "3.3.1"]
[Result "0-1"]

1. e4 {[%clk 01:40:59]} c5 {[%clk 01:40:55] [%emt 00:00:06]} 2. Nf3 {[%clk
01:41:25] [%emt 00:00:04]} d6 {[%clk 01:41:20] [%emt 00:00:04]} 3. d4 {[%clk
01:41:50] [%emt 00:00:05]} cxd4 {[%clk 01:41:47] [%emt 00:00:04]} 4. Nxd4 {[%clk
01:42:13] [%emt 00:00:06]} Nf6 {[%clk 01:42:12] [%emt 00:00:04]} 5. Nc3 {[%clk
01:42:35] [%emt 00:00:09]} a6 {[%clk 01:42:37] [%emt 00:00:06]} 6. Be3 {[%clk
01:42:41] [%emt 00:00:23]} e5 {[%clk 01:42:59] [%emt 00:00:08]} 7. Nb3 {[%clk
01:43:06] [%emt 00:00:06]} Be7 {[%clk 01:42:28] [%emt 00:01:00]} 8. h3 {[%clk
01:42:39] [%emt 00:00:57]} Be6 {[%clk 01:41:16] [%emt 00:01:42]} 9. Qd2 {[%clk
01:41:59] [%emt 00:01:10]} O-O {[%clk 01:40:38] [%emt 00:01:08]} 10. O-O-O
{[%clk 01:42:15] [%emt 00:00:14]} a5 {[%clk 01:40:54] [%emt 00:00:14]} 11. a4
{[%clk 01:37:19] [%emt 00:05:26]} Na6 {[%clk 01:40:37] [%emt 00:00:47]} 12. f4
{[%clk 01:26:49] [%emt 00:11:00]} Rc8 {[%clk 01:32:40] [%emt 00:08:26]} 13. fxe5
{[%clk 00:48:35] [%emt 00:38:45]} dxe5 {[%clk 01:31:42] [%emt 00:01:28]} 14.
Qxd8 {[%clk 00:48:35] [%emt 00:00:30]} Rfxd8 {[%clk 01:27:44] [%emt 00:04:28]}
15. Rxd8+ {[%clk 00:38:02] [%emt 00:11:04]} Bxd8 {[%clk 01:27:26] [%emt
00:00:47]} 16. Bxa6 {[%clk 00:31:32] [%emt 00:07:01]} bxa6 {[%clk 01:27:27]
[%emt 00:00:29]} 17. Rd1 {[%clk 00:31:55] [%emt 00:00:07]} Be7 {[%clk 01:12:08]
[%emt 00:15:48]} 18. Nd5 {[%clk 00:28:23] [%emt 00:04:02]} Bb4 {[%clk 01:08:31]
[%emt 00:04:06]} 19. Bb6 {[%clk 00:20:11] [%emt 00:08:43]} Nxe4 {[%clk 01:01:10]
[%emt 00:07:51]} 20. Nxa5 {[%clk 00:19:40] [%emt 00:01:01]} Bd6 {[%clk 00:34:31]
[%emt 00:27:07]} 21. Nb7 {[%clk 00:19:17] [%emt 00:00:55]} Bf8 {[%clk 00:34:58]
[%emt 00:00:02]} 22. a5 {[%clk 00:15:33] [%emt 00:04:15]} g6 {[%clk 00:23:52]
[%emt 00:11:36]} 23. c3 {[%clk 00:12:36] [%emt 00:03:27]} h5 {[%clk 00:22:46]
[%emt 00:01:35]} 24. Kc2 {[%clk 00:05:47] [%emt 00:07:20]} g5 {[%clk 00:16:06]
[%emt 00:07:09]} 25. Nc7 {[%clk 00:02:13] [%emt 00:04:04]} Bf5 {[%clk 00:16:29]
[%emt 00:00:07]} 26. Kb3 {[%clk 00:01:50] [%emt 00:00:53]} Rb8 {[%clk 00:13:23]
[%emt 00:03:36]} 27. Nd8 {[%clk 00:02:17] [%emt 00:00:04]} Nc5+ {[%clk 00:12:12]
[%emt 00:01:41]} 28. Ka2 {[%clk 00:02:42] [%emt 00:00:05]} Bc2 {[%clk 00:05:46]
[%emt 00:06:55]} 29. Rd2 {[%clk 00:03:06] [%emt 00:00:06]} Bb3+ {[%clk 00:06:12]
[%emt 00:00:04]} 30. Kb1 {[%clk 00:03:32] [%emt 00:00:05]} e4 {[%clk 00:04:11]
[%emt 00:02:31]} 31. Nd5 {[%clk 00:01:53] [%emt 00:02:08]} f5 {[%clk 00:02:26]
[%emt 00:02:15]} 32. g4 {[%clk 00:01:25] [%emt 00:00:59]} hxg4 {[%clk 00:02:06]
[%emt 00:00:50]} 33. hxg4 {[%clk 00:01:51] [%emt 00:00:04]} f4 {[%clk 00:00:44]
[%emt 00:01:52]} 34. Bxc5 {[%clk 00:01:15] [%emt 00:01:06]} Bxc5 {[%clk
00:00:36] [%emt 00:00:38]} 35. Nf6+ {[%clk 00:01:43] [%emt 00:00:01]} Kg7 {[%clk
00:00:33] [%emt 00:00:33]} 36. Nxe4 {[%clk 00:02:07] [%emt 00:00:07]} Be7 {[%clk
00:00:51] [%emt 00:00:12]} 37. Nc6 {[%clk 00:02:07] [%emt 00:00:30]} Rh8 {[%clk
00:00:54] [%emt 00:00:26]} 38. Nf2 {[%clk 00:02:33] [%emt 00:00:04]} Bc5 {[%clk
00:01:04] [%emt 00:00:20]} 39. Rd7+ {[%clk 00:01:00] [%emt 00:02:04]} Kg6 {[%clk
00:01:00] [%emt 00:00:34]} 40. Rb7 {[%clk 00:00:36] [%emt 00:00:53]} Bxf2 {[%clk
00:00:33] [%emt 00:00:58]} 41. Rxb3 {[%clk 00:00:55] [%emt 00:00:11]} Kf6 {[%clk
00:38:34] [%emt 00:12:28]} 42. Kc2 {[%clk 00:39:20] [%emt 00:12:05]} Rh4 {[%clk
00:34:46] [%emt 00:04:17]} 43. Rb6 {[%clk 00:34:07] [%emt 00:05:43]} Bxb6 {[%clk
00:14:20] [%emt 00:20:56]} 44. axb6 {[%clk 00:34:22] [%emt 00:00:15]} Rh7 {[%clk
00:14:10] [%emt 00:00:39]} 45. c4 {[%clk 00:32:52] [%emt 00:02:01]} Rd7 {[%clk
00:14:35] [%emt 00:00:05]} 46. Nb4 {[%clk 00:30:51] [%emt 00:02:31]} f3 {[%clk
00:13:28] [%emt 00:01:38]} 47. Nd3 {[%clk 00:30:22] [%emt 00:00:58]} Ke7 {[%clk
00:13:18] [%emt 00:00:40]} 48. c5 {[%clk 00:29:28] [%emt 00:01:25]} Rd8 {[%clk
00:06:19] [%emt 00:07:27]} 49. c6 {[%clk 00:07:05] [%emt 00:22:54]} Kd6 {[%clk
00:05:29] [%emt 00:01:19]} 50. c7 {[%clk 00:05:03] [%emt 00:02:33]} Re8 {[%clk
00:05:55] [%emt 00:00:04]} 51. Kc3 {[%clk 00:04:10] [%emt 00:01:23]} Kc6 {[%clk
00:05:34] [%emt 00:00:50]} 0-1

[Site "Europe Echecs"]

[Event "Grand Swiss "]
[Date "2025.09.06"]
[White "Gelfand, Boris"]
[Black "Praggnanandhaa R"]
[WhiteElo "2652"]
[BlackElo "2785"]
[Round "3.3.3"]
[Result "0-1"]

1. d4 {[%clk 01:40:58] [%emt 00:00:01]} d5 {[%clk 01:40:14] [%emt 00:00:45]} 2.
c4 {[%clk 01:41:13] [%emt 00:00:16]} e6 {[%clk 01:40:39] [%emt 00:00:05]} 3. Nf3
{[%clk 01:41:22] [%emt 00:00:22]} Nf6 {[%clk 01:40:43] [%emt 00:00:25]} 4. g3
{[%clk 01:41:13] [%emt 00:00:40]} Bb4+ {[%clk 01:40:36] [%emt 00:00:37]} 5. Bd2
{[%clk 01:40:22] [%emt 00:01:21]} Be7 {[%clk 01:40:58] [%emt 00:00:08]} 6. Bg2
{[%clk 01:40:47] [%emt 00:00:06]} Nbd7 {[%clk 01:41:17] [%emt 00:00:11]} 7. Qc2
{[%clk 01:38:04] [%emt 00:03:13]} c6 {[%clk 01:41:41] [%emt 00:00:06]} 8. O-O
{[%clk 01:34:32] [%emt 00:04:02]} Ne4 {[%clk 01:41:37] [%emt 00:00:33]} 9. Nc3
{[%clk 01:29:38] [%emt 00:05:24]} f5 {[%clk 01:41:16] [%emt 00:00:51]} 10. Rad1
{[%clk 01:24:29] [%emt 00:05:39]} Nxd2 {[%clk 01:39:22] [%emt 00:02:25]} 11.
Rxd2 {[%clk 01:22:03] [%emt 00:02:56]} O-O {[%clk 01:34:55] [%emt 00:04:55]} 12.
e3 {[%clk 01:18:18] [%emt 00:04:16]} Bd6 {[%clk 01:25:35] [%emt 00:09:51]} 13.
Rb1 {[%clk 01:15:58] [%emt 00:02:49]} a5 {[%clk 01:24:02] [%emt 00:02:02]} 14.
Ne2 {[%clk 01:13:58] [%emt 00:02:31]} Qe7 {[%clk 01:02:23] [%emt 00:22:09]} 15.
Nf4 {[%clk 01:12:57] [%emt 00:01:30]} Nf6 {[%clk 00:54:36] [%emt 00:08:18]} 16.
c5 {[%clk 00:50:01] [%emt 00:23:27]} Bc7 {[%clk 00:54:21] [%emt 00:00:45]} 17.
Nd3 {[%clk 00:49:03] [%emt 00:01:28]} Bd7 {[%clk 00:50:02] [%emt 00:04:49]} 18.
Nfe5 {[%clk 00:49:06] [%emt 00:00:27]} Be8 {[%clk 00:46:23] [%emt 00:04:10]} 19.
Rc1 {[%clk 00:43:33] [%emt 00:06:03]} g5 {[%clk 00:44:10] [%emt 00:02:43]} 20.
f3 {[%clk 00:41:03] [%emt 00:03:00]} Kh8 {[%clk 00:38:52] [%emt 00:05:48]} 21.
Re2 {[%clk 00:33:17] [%emt 00:08:16]} Qg7 {[%clk 00:35:06] [%emt 00:04:16]} 22.
Rb1 {[%clk 00:30:14] [%emt 00:03:33]} g4 {[%clk 00:29:21] [%emt 00:06:15]} 23.
f4 {[%clk 00:23:44] [%emt 00:07:00]} h5 {[%clk 00:28:37] [%emt 00:01:14]} 24. b4
{[%clk 00:24:02] [%emt 00:00:12]} Rg8 {[%clk 00:20:42] [%emt 00:08:25]} 25. bxa5
{[%clk 00:19:49] [%emt 00:04:43]} Bxa5 {[%clk 00:21:00] [%emt 00:00:12]} 26. Rb3
{[%clk 00:20:17] [%emt 00:00:02]} Qh7 {[%clk 00:18:44] [%emt 00:02:45]} 27. Qb1
{[%clk 00:10:55] [%emt 00:09:52]} Ra7 {[%clk 00:17:43] [%emt 00:01:31]} 28. Reb2
{[%clk 00:10:34] [%emt 00:00:51]} Rg7 {[%clk 00:18:08] [%emt 00:00:06]} 29. Nc1
{[%clk 00:10:32] [%emt 00:00:32]} h4 {[%clk 00:12:22] [%emt 00:06:16]} 30. Ne2
{[%clk 00:10:07] [%emt 00:00:55]} Kg8 {[%clk 00:10:47] [%emt 00:02:04]} 31. gxh4
{[%clk 00:07:05] [%emt 00:03:33]} Qxh4 {[%clk 00:09:29] [%emt 00:01:48]} 32. Ng3
{[%clk 00:06:19] [%emt 00:01:15]} Nh5 {[%clk 00:04:49] [%emt 00:05:10]} 33. Nf1
{[%clk 00:04:41] [%emt 00:02:08]} Qe7 {[%clk 00:03:37] [%emt 00:01:42]} 34. Ng3
{[%clk 00:02:50] [%emt 00:02:21]} Qh4 {[%clk 00:04:03] [%emt 00:00:05]} 35. Nf1
{[%clk 00:03:17] [%emt 00:00:03]} Qe7 {[%clk 00:02:11] [%emt 00:02:22]} 36. Ng3
{[%clk 00:03:25] [%emt 00:00:22]} Rh7 {[%clk 00:00:38] [%emt 00:02:04]} 37. Nxh5
{[%clk 00:01:34] [%emt 00:02:21]} Bxh5 {[%clk 00:00:54] [%emt 00:00:14]} 38. Bf1
{[%clk 00:02:00] [%emt 00:00:03]} Be8 {[%clk 00:00:41] [%emt 00:00:44]} 39. Rg2
{[%clk 00:01:40] [%emt 00:00:50]} Kf8 {[%clk 00:00:36] [%emt 00:00:35]} 40. Rg3
{[%clk 00:01:01] [%emt 00:01:09]} Qh4 {[%clk 00:00:32] [%emt 00:00:33]} 41. Rb2
{[%clk 00:49:45] [%emt 00:01:46]} Bc7 {[%clk 00:25:23] [%emt 00:25:40]} 42. Rbg2
{[%clk 00:41:57] [%emt 00:08:17]} Ke7 {[%clk 00:16:03] [%emt 00:09:49]} 43. Nd3
{[%clk 00:35:34] [%emt 00:06:54]} Kd7 {[%clk 00:09:32] [%emt 00:07:02]} 44. Nf2
{[%clk 00:33:51] [%emt 00:02:13]} Bd8 {[%clk 00:09:38] [%emt 00:00:23]} 45. Bd3
{[%clk 00:20:23] [%emt 00:14:00]} Rh5 {[%clk 00:08:16] [%emt 00:01:52]} 46. h3
{[%clk 00:18:43] [%emt 00:02:10]} gxh3 {[%clk 00:08:39] [%emt 00:00:07]} 47.
Rxh3 {[%clk 00:19:06] [%emt 00:00:09]} Qf6 {[%clk 00:08:58] [%emt 00:00:09]} 48.
Be2 {[%clk 00:18:23] [%emt 00:01:14]} Rxh3 {[%clk 00:06:35] [%emt 00:02:53]} 49.
Nxh3 {[%clk 00:18:23] [%emt 00:00:30]} Qh4 {[%clk 00:06:52] [%emt 00:00:13]} 50.
Ng5 {[%clk 00:14:13] [%emt 00:04:41]} Bh5 {[%clk 00:05:15] [%emt 00:02:07]} 51.
Bxh5 {[%clk 00:13:09] [%emt 00:01:35]} Qxh5 {[%clk 00:05:43] [%emt 00:00:02]}
52. Rh2 {[%clk 00:12:21] [%emt 00:01:18]} Qg4+ {[%clk 00:04:07] [%emt 00:02:06]}
53. Rg2 {[%clk 00:10:40] [%emt 00:02:11]} Qh5 {[%clk 00:04:32] [%emt 00:00:05]}
54. Rh2 {[%clk 00:08:53] [%emt 00:02:17]} Qg4+ {[%clk 00:05:01] [%emt 00:00:01]}
55. Kf2 {[%clk 00:05:18] [%emt 00:04:05]} Bxg5 {[%clk 00:05:09] [%emt 00:00:22]}
56. fxg5 {[%clk 00:05:38] [%emt 00:00:10]} e5 {[%clk 00:04:23] [%emt 00:01:16]}
57. Rg2 {[%clk 00:03:56] [%emt 00:02:11]} Qh4+ {[%clk 00:04:22] [%emt 00:00:31]}
58. Kg1 {[%clk 00:03:27] [%emt 00:00:59]} Qh3 {[%clk 00:02:53] [%emt 00:01:59]}
59. Qe1 {[%clk 00:01:22] [%emt 00:02:35]} Ra3 {[%clk 00:01:41] [%emt 00:01:41]}
60. Rg3 {[%clk 00:00:31] [%emt 00:01:22]} Qh4 {[%clk 00:01:02] [%emt 00:01:09]}
61. Qf2 {[%clk 00:10:51] [%emt 00:05:12]} f4 {[%clk 00:12:13] [%emt 00:04:19]}
62. Rg2 {[%clk 00:09:18] [%emt 00:02:02]} Qxf2+ {[%clk 00:10:34] [%emt
00:02:08]} 63. Kxf2 {[%clk 00:07:18] [%emt 00:02:30]} fxe3+ {[%clk 00:09:03]
[%emt 00:02:01]} 64. Kf3 {[%clk 00:06:27] [%emt 00:01:21]} e2+ {[%clk 00:06:38]
[%emt 00:02:55]} 65. Kf2 {[%clk 00:06:45] [%emt 00:00:12]} Re3 {[%clk 00:06:11]
[%emt 00:00:57]} 0-1

[Site "Europe Echecs"]

[Event "Grand Swiss "]
[Date "2025.09.06"]
[White "Yuffa, Daniil"]
[Black "Gukesh D"]
[WhiteElo "2648"]
[BlackElo "2767"]
[Round "3.3.4"]
[Result "0-1"]

1. d4 {[%clk 01:40:52] [%emt 00:00:07]} d5 {[%clk 01:40:54] [%emt 00:00:07]} 2.
c4 {[%clk 01:41:14] [%emt 00:00:09]} e6 {[%clk 01:41:19] [%emt 00:00:05]} 3. Nf3
{[%clk 01:41:24] [%emt 00:00:19]} Nf6 {[%clk 01:41:43] [%emt 00:00:07]} 4. Nc3
{[%clk 01:41:32] [%emt 00:00:22]} Bb4 {[%clk 01:42:04] [%emt 00:00:10]} 5. Qa4+
{[%clk 01:40:56] [%emt 00:01:06]} Nc6 {[%clk 01:42:26] [%emt 00:00:07]} 6. Bg5
{[%clk 01:38:25] [%emt 00:03:01]} dxc4 {[%clk 01:41:46] [%emt 00:01:10]} 7. e4
{[%clk 01:36:22] [%emt 00:02:32]} Bd7 {[%clk 01:38:15] [%emt 00:04:01]} 8. Qd1
{[%clk 01:26:30] [%emt 00:10:22]} b5 {[%clk 01:35:11] [%emt 00:03:34]} 9. a4
{[%clk 01:24:17] [%emt 00:02:42]} a6 {[%clk 01:35:15] [%emt 00:00:27]} 10. e5
{[%clk 01:22:29] [%emt 00:02:18]} h6 {[%clk 01:35:26] [%emt 00:00:19]} 11. exf6
{[%clk 01:21:50] [%emt 00:01:10]} hxg5 {[%clk 01:35:50] [%emt 00:00:06]} 12.
fxg7 {[%clk 01:22:12] [%emt 00:00:07]} Rg8 {[%clk 01:36:17] [%emt 00:00:03]} 13.
h4 {[%clk 01:19:39] [%emt 00:03:04]} g4 {[%clk 01:32:06] [%emt 00:04:41]} 14.
Ng5 {[%clk 01:16:23] [%emt 00:03:45]} Rxg7 {[%clk 01:25:29] [%emt 00:07:07]} 15.
g3 {[%clk 01:10:24] [%emt 00:06:29]} e5 {[%clk 01:20:34] [%emt 00:05:26]} 16.
Bg2 {[%clk 00:46:33] [%emt 00:24:22]} exd4 {[%clk 01:12:04] [%emt 00:08:59]} 17.
O-O {[%clk 00:46:42] [%emt 00:00:21]} dxc3 {[%clk 01:10:07] [%emt 00:02:27]} 18.
axb5 {[%clk 00:46:34] [%emt 00:00:38]} axb5 {[%clk 01:04:44] [%emt 00:05:53]}
19. Re1+ {[%clk 00:46:09] [%emt 00:00:54]} Be7 {[%clk 01:04:24] [%emt 00:00:50]}
20. Rxa8 {[%clk 00:45:33] [%emt 00:01:06]} Qxa8 {[%clk 01:04:34] [%emt
00:00:21]} 21. bxc3 {[%clk 00:44:46] [%emt 00:01:17]} Qa3 {[%clk 01:01:00] [%emt
00:04:03]} 22. Ne4 {[%clk 00:11:57] [%emt 00:33:20]} Ne5 {[%clk 00:59:13] [%emt
00:02:18]} 23. Qd2 {[%clk 00:08:25] [%emt 00:04:02]} Qa6 {[%clk 00:54:24] [%emt
00:05:18]} 24. Qd5 {[%clk 00:06:18] [%emt 00:02:37]} f6 {[%clk 00:52:08] [%emt
00:02:45]} 25. h5 {[%clk 00:06:19] [%emt 00:00:29]} Be6 {[%clk 00:49:16] [%emt
00:03:23]} 26. Nxf6+ {[%clk 00:05:04] [%emt 00:01:45]} Bxf6 {[%clk 00:49:06]
[%emt 00:00:40]} 27. Rxe5 {[%clk 00:05:30] [%emt 00:00:04]} Re7 {[%clk 00:45:50]
[%emt 00:03:45]} 28. Rxe6 {[%clk 00:04:45] [%emt 00:01:15]} Qxe6 {[%clk
00:43:59] [%emt 00:02:21]} 29. Qxb5+ {[%clk 00:05:08] [%emt 00:00:08]} Kf8
{[%clk 00:44:08] [%emt 00:00:20]} 30. Bd5 {[%clk 00:04:48] [%emt 00:00:50]} Qf5
{[%clk 00:43:30] [%emt 00:01:08]} 31. Qc6 {[%clk 00:04:40] [%emt 00:00:39]} Kg7
{[%clk 00:42:53] [%emt 00:01:07]} 32. Qa8 {[%clk 00:04:51] [%emt 00:00:19]} Qxh5
{[%clk 00:42:28] [%emt 00:00:55]} 33. Qg8+ {[%clk 00:05:13] [%emt 00:00:08]} Kh6
{[%clk 00:42:55] [%emt 00:00:03]} 34. Qf8+ {[%clk 00:05:04] [%emt 00:00:39]} Kg6
{[%clk 00:43:09] [%emt 00:00:15]} 35. Qg8+ {[%clk 00:04:48] [%emt 00:00:46]} Bg7
{[%clk 00:43:33] [%emt 00:00:06]} 0-1

[Site "Europe Echecs"]